[Event "Rio Claro op"]
[Site "Rio Claro"]
[Date "2014.05.17"]
[Round "4"]
[White "Cubas, Jose Fernando"]
[Black "Supi, Luis Paulo"]
[Result "0-1"]
[WhiteElo "2465"]
[BlackElo "2329"]
[PlyCount "82"]
[EventDate "2014.05.16"]
[EventType "swiss"]
[EventRounds "6"]
[EventCountry "BRA"]
[SourceTitle "CBM 160 Extra"]
[Source "ChessBase"]
[SourceDate "2014.07.01"]
[SourceVersion "1"]
[SourceVersionDate "2014.07.01"]
[SourceQuality "1"]

1. e4 c5 2. Nf3 e6 3. d4 cxd4 4. Nxd4 Nc6 5. Nc3 Qc7 6. Ndb5 Qb8 7. a4 Nf6 8.
Bd3 Be7 9. O-O O-O 10. f4 a6 11. Na3 d5 12. Qf3 Nd4 13. Qh3 dxe4 14. Nxe4 Nxe4
15. Bxe4 Ne2+ 16. Kf2 f5 17. Kxe2 fxe4 18. Qb3 b5 19. axb5 axb5 20. Be3 Kh8 21.
Nxb5 Rxa1 22. Rxa1 e5 23. f5 Bxf5 24. h3 Be6 25. c4 Qc8 26. Rc1 Bg4+ 27. Kd2
Rd8+ 28. Kc2 Be2 29. Qc3 Bxc4 30. Kb1 Bd3+ 31. Ka1 Qe6 32. Na3 h6 33. Qc7 Ra8
34. Bc5 Rc8 35. Qa7 Bxc5 36. Rxc5 Rxc5 37. Qxc5 Kh7 38. Nc2 Qb3 39. Ne3 Qa4+
40. Qa3 Qd4 41. Nd1 e3 0-1

[Event "Rio Claro op"]
[Site "Rio Claro"]
[Date "2014.05.18"]
[Round "5"]
[White "Quintiliano Pinto, Renato Rodrigues"]
[Black "Cubas, Jose Fernando"]
[Result "1-0"]
[WhiteElo "2358"]
[BlackElo "2465"]
[PlyCount "97"]
[EventDate "2014.05.16"]
[EventType "swiss"]
[EventRounds "6"]
[EventCountry "BRA"]
[SourceTitle "CBM 160 Extra"]
[Source "ChessBase"]
[SourceDate "2014.07.01"]
[SourceVersion "1"]
[SourceVersionDate "2014.07.01"]
[SourceQuality "1"]

1. d4 Nf6 2. c4 e6 3. Nf3 c5 4. d5 exd5 5. cxd5 g6 6. Nc3 d6 7. g3 Bg7 8. Bg2
O-O 9. O-O Re8 10. Nd2 Nbd7 11. a4 a6 12. h3 Rb8 13. Nc4 Ne5 14. Na3 Nh5 15. e4
Bd7 16. a5 b5 17. axb6 Bb5 18. Naxb5 axb5 19. Nxb5 Qxb6 20. Na3 Qb3 21. g4 Nf6
22. Rb1 Nfd7 23. f4 Qg3 24. fxe5 Bxe5 25. Rf3 Qh2+ 26. Kf1 Rb4 27. Be3 Bd4 28.
Nc2 Bxe3 29. Rxe3 Rb7 30. Qe1 Reb8 31. b3 Qf4+ 32. Qf2 Qg5 33. Qg3 Ne5 34. Rbe1
Ra7 35. Kg1 Ra2 36. R1e2 c4 37. bxc4 Nxc4 38. Rc3 Ne5 39. Nd4 Rb1+ 40. Kh2 Rxe2
41. Nxe2 Qd2 42. Qe3 Qe1 43. Nd4 Qd1 44. Qf2 h5 45. Nc6 hxg4 46. Nxe5 dxe5 47.
Rc8+ Kg7 48. Rc7 g3+ 49. Kxg3 1-0

[Event "Rio Claro op"]
[Site "Rio Claro"]
[Date "2014.05.18"]
[Round "6"]
[White "Cubas, Jose Fernando"]
[Black "Chih, Lee Hung"]
[Result "1-0"]
[WhiteElo "2465"]
[BlackElo "1968"]
[PlyCount "75"]
[EventDate "2014.05.16"]
[EventType "swiss"]
[EventRounds "6"]
[EventCountry "BRA"]
[SourceTitle "CBM 160 Extra"]
[Source "ChessBase"]
[SourceDate "2014.07.01"]
[SourceVersion "1"]
[SourceVersionDate "2014.07.01"]
[SourceQuality "1"]

1. e4 d5 2. exd5 Nf6 3. d4 Nxd5 4. Nf3 Bf5 5. Bd3 Bg6 6. Bxg6 hxg6 7. c4 Nf6 8.
Nc3 c6 9. Bf4 e6 10. Qe2 Bb4 11. Rc1 Bd6 12. Be5 Kf8 13. O-O Ng4 14. h3 Nxe5
15. dxe5 Bc7 16. Ne4 Nd7 17. Rcd1 Qe7 18. Nd6 Rh5 19. g4 Rxh3 20. Kg2 Rxf3 21.
Kxf3 Qg5 22. Nxf7 Nxe5+ 23. Qxe5 Qe7 24. Nd6 Kg8 25. Kg2 Rf8 26. Rh1 b5 27. Qh2
Bxd6 28. Qxd6 Qf6 29. Qg3 Qxb2 30. Qh4 Qe2 31. Qh8+ Kf7 32. Rd7+ Ke8 33. Qxf8+
Kxd7 34. Qf3 Qxc4 35. Qf7+ Kd6 36. Rd1+ Ke5 37. Qxg7+ Kf4 38. Qf6+ 1-0

[Event "Iberoamerican-ch 5th"]
[Site "Linares"]
[Date "2014.07.22"]
[Round "1"]
[White "Lopez Mulet, Inigo"]
[Black "Cubas, Jose Fernando"]
[Result "0-1"]
[WhiteElo "2178"]
[BlackElo "2455"]
[PlyCount "60"]
[EventDate "2014.07.22"]
[EventType "swiss"]
[EventRounds "9"]
[EventCountry "ESP"]
[SourceTitle "CBM 161 Extra"]
[Source "ChessBase"]
[SourceDate "2014.08.29"]
[SourceVersion "1"]
[SourceVersionDate "2014.08.29"]
[SourceQuality "1"]

1. d4 Nf6 2. c4 e6 3. g3 c5 4. Nf3 cxd4 5. Nxd4 Bb4+ 6. Nc3 Ne4 7. Qc2 Nxc3 8.
bxc3 Be7 9. Bg2 O-O 10. Rb1 Qc7 11. Qa4 Na6 12. Bf4 e5 13. Nf5 Bc5 14. Bg5 d5
15. Ne3 f6 16. Nxd5 Bxf2+ 17. Kf1 Qd6 18. Be3 Bxe3 19. Nxe3 f5 20. Qb5 Nc7 21.
Qb4 Qd8 22. Rd1 Qe8 23. Qd6 f4 24. Nd5 Nxd5 25. Bxd5+ Kh8 26. Kg2 Rf6 27. Qc7
Bh3+ 28. Kg1 e4 29. Qxb7 f3 30. Rf1 Rb8 0-1

[Event "Iberoamerican-ch 5th"]
[Site "Linares"]
[Date "2014.07.23"]
[Round "2"]
[White "Cubas, Jose Fernando"]
[Black "Romero Berruezo, Francisco"]
[Result "1-0"]
[WhiteElo "2455"]
[BlackElo "2211"]
[PlyCount "67"]
[EventDate "2014.07.22"]
[EventType "swiss"]
[EventRounds "9"]
[EventCountry "ESP"]
[SourceTitle "CBM 161 Extra"]
[Source "ChessBase"]
[SourceDate "2014.08.29"]
[SourceVersion "1"]
[SourceVersionDate "2014.08.29"]
[SourceQuality "1"]

1. e4 c5 2. Nf3 e6 3. d4 cxd4 4. Nxd4 a6 5. Nc3 Qc7 6. Bd3 Nf6 7. O-O Bc5 8.
Be3 d6 9. Qf3 Nc6 10. Nxc6 Qxc6 11. Qg3 g6 12. Qg5 Nd7 13. Qh6 Bxe3 14. fxe3
Ne5 15. Be2 Bd7 16. Rad1 O-O-O 17. Rd4 Kb8 18. Rfd1 Bc8 19. Qg7 Rhg8 20. Qxh7
Rge8 21. Qh4 f5 22. Qe1 Re7 23. Qd2 Red7 24. b4 Rc7 25. Nb1 Qxc2 26. Qe1 Qc6
27. a4 Qb6 28. b5 a5 29. Kh1 fxe4 30. Nd2 d5 31. Nxe4 Bd7 32. Nf6 Rdc8 33. Qg3
Qd6 34. b6 1-0

[Event "Iberoamerican-ch 5th"]
[Site "Linares"]
[Date "2014.07.24"]
[Round "3"]
[White "Korneev, Oleg"]
[Black "Cubas, Jose Fernando"]
[Result "1-0"]
[WhiteElo "2594"]
[BlackElo "2455"]
[PlyCount "82"]
[EventDate "2014.07.22"]
[EventType "swiss"]
[EventRounds "9"]
[EventCountry "ESP"]
[SourceTitle "CBM 161 Extra"]
[Source "ChessBase"]
[SourceDate "2014.08.29"]
[SourceVersion "1"]
[SourceVersionDate "2014.08.29"]
[SourceQuality "1"]

1. e4 c5 2. c3 d6 3. d4 Nf6 4. Bd3 g6 5. dxc5 dxc5 6. e5 Nh5 7. Nf3 Nc6 8. h3
Qc7 9. Qe2 Ng7 10. O-O Ne6 11. Na3 Bg7 12. Re1 O-O 13. Nb5 Qb8 14. a4 Rd8 15.
Bc4 a6 16. Na3 Na5 17. Ng5 Nxg5 18. Bxg5 Nxc4 19. Nxc4 Qc7 20. a5 Be6 21. Nb6
Rab8 22. b3 h6 23. Bh4 g5 24. Bg3 Qc6 25. f3 Qb5 26. Qxb5 axb5 27. Bf2 Rd3 28.
Bxc5 Bxb3 29. Bxe7 Re8 30. Bd6 Rxc3 31. Rab1 Rd3 32. Nd7 Be6 33. Nb6 Ba2 34.
Ra1 Rd2 35. Kh1 Re6 36. Nd7 Rexd6 37. exd6 Bxa1 38. Rxa1 b4 39. Nf6+ Kf8 40.
Ne4 Rb2 41. d7 Rc2 1-0

[Event "Iberoamerican-ch 5th"]
[Site "Linares"]
[Date "2014.07.25"]
[Round "4"]
[White "Cubas, Jose Fernando"]
[Black "Brito Garcia, Alfredo"]
[Result "1/2-1/2"]
[WhiteElo "2455"]
[BlackElo "2332"]
[PlyCount "61"]
[EventDate "2014.07.22"]
[EventType "swiss"]
[EventRounds "9"]
[EventCountry "ESP"]
[SourceTitle "CBM 161 Extra"]
[Source "ChessBase"]
[SourceDate "2014.08.29"]
[SourceVersion "1"]
[SourceVersionDate "2014.08.29"]
[SourceQuality "1"]

1. e4 e5 2. Nf3 Nc6 3. Bc4 Nf6 4. d3 Be7 5. O-O O-O 6. Re1 d6 7. c3 Kh8 8. h3
Ng8 9. d4 f5 10. dxe5 fxe4 11. Rxe4 Rxf3 12. gxf3 Nxe5 13. Bf1 Bf5 14. Re1 Qe8
15. f4 Qg6+ 16. Kh1 Be4+ 17. Rxe4 Qxe4+ 18. Bg2 Qd3 19. Qxd3 Nxd3 20. Be3 c6
21. Nd2 d5 22. c4 Nf6 23. cxd5 cxd5 24. Bxd5 Nxd5 25. Nf3 Rf8 26. Bxa7 Rxf4 27.
Kg2 Nxb2 28. Bd4 Bf6 29. Bxb2 Bxb2 30. Rd1 Bf6 31. Rxd5 1/2-1/2

[Event "Iberoamerican-ch 5th"]
[Site "Linares"]
[Date "2014.07.28"]
[Round "7"]
[White "Ortiz Suarez, Isan Reynaldo"]
[Black "Cubas, Jose Fernando"]
[Result "0-1"]
[WhiteElo "2592"]
[BlackElo "2455"]
[PlyCount "73"]
[EventDate "2014.07.22"]
[EventType "swiss"]
[EventRounds "9"]
[EventCountry "ESP"]
[SourceTitle "CBM 161 Extra"]
[Source "ChessBase"]
[SourceDate "2014.08.29"]
[SourceVersion "1"]
[SourceVersionDate "2014.08.29"]
[SourceQuality "1"]

1. c4 e5 2. Nc3 Nc6 3. Nf3 g6 4. d4 exd4 5. Nd5 Bg7 6. Bg5 Nce7 7. Nxd4 c6 8.
Nc3 h6 9. Bf4 d5 10. Qd2 Nf6 11. O-O-O Nh5 12. Be3 c5 13. Nb3 d4 14. Nxc5 Nc6
15. Nb5 Qe7 16. Bxd4 Nxd4 17. Nxd4 Qxc5 18. e3 O-O 19. Kb1 a6 20. Be2 b5 21.
Bf3 Rb8 22. cxb5 Bxd4 23. exd4 Qxb5 24. d5 Bf5+ 25. Ka1 Rfc8 26. Rc1 Nf6 27.
Qd4 Nd7 28. Rc6 Re8 29. g4 Be4 30. Bxe4 Rxe4 31. Qc3 Qxd5 32. Rc1 a5 33. Ra6
Ra4 34. a3 Nf8 35. Ra7 Rb3 36. Qc2 Qd8 37. Rh1 0-1

[Event "Iberoamerican-ch 5th"]
[Site "Linares"]
[Date "2014.07.28"]
[Round "8"]
[White "Cubas, Jose Fernando"]
[Black "Escobar Forero, Alder"]
[Result "0-1"]
[WhiteElo "2455"]
[BlackElo "2460"]
[PlyCount "88"]
[EventDate "2014.07.22"]
[EventType "swiss"]
[EventRounds "9"]
[EventCountry "ESP"]
[SourceTitle "CBM 161 Extra"]
[Source "ChessBase"]
[SourceDate "2014.08.29"]
[SourceVersion "1"]
[SourceVersionDate "2014.08.29"]
[SourceQuality "1"]

1. e4 c5 2. Nc3 Nc6 3. f4 g6 4. Nf3 Bg7 5. Bb5 Nd4 6. O-O Nxb5 7. Nxb5 d5 8.
exd5 a6 9. Na3 Qxd5 10. d3 Nh6 11. Nc4 Qd8 12. Bd2 O-O 13. Ba5 Qe8 14. Nb6 Rb8
15. Qe1 Nf5 16. Bc3 Nd4 17. Qh4 Qd8 18. Nc4 Ne2+ 19. Kh1 Nxc3 20. bxc3 e6 21.
Qe1 b5 22. Nce5 Bb7 23. Qe3 Qd6 24. a4 f6 25. Ng4 b4 26. c4 Bc6 27. Nd2 h5 28.
Nf2 f5 29. Nb3 e5 30. fxe5 Bxe5 31. Rae1 Rfe8 32. Qxc5 Qxc5 33. Nxc5 Bc3 34.
Rd1 Rbd8 35. Nh3 Re2 36. Nf4 Rxc2 37. Nce6 Rd6 38. d4 Be4 39. d5 Be5 40. c5
Bxf4 41. cxd6 Bxg2+ 42. Kg1 Be3+ 43. Rf2 Rxf2 44. Rd3 Bh3 0-1

[Event "Iberoamerican-ch 5th"]
[Site "Linares"]
[Date "2014.07.30"]
[Round "9"]
[White "Cubas, Jose Fernando"]
[Black "Vazquez Igarza, Renier"]
[Result "0-1"]
[WhiteElo "2455"]
[BlackElo "2603"]
[PlyCount "94"]
[EventDate "2014.07.22"]
[EventType "swiss"]
[EventRounds "9"]
[EventCountry "ESP"]
[SourceTitle "CBM 161 Extra"]
[Source "ChessBase"]
[SourceDate "2014.08.29"]
[SourceVersion "1"]
[SourceVersionDate "2014.08.29"]
[SourceQuality "1"]

1. e4 c5 2. Nf3 g6 3. d4 cxd4 4. Qxd4 Nf6 5. Nc3 Nc6 6. Qa4 d6 7. e5 dxe5 8.
Nxe5 Qd4 9. Nxc6 Qxa4 10. Nxa4 bxc6 11. Be2 Bg7 12. Bf3 O-O 13. Be3 Nd5 14. Bc5
Rb8 15. c4 Nb6 16. Bxb6 axb6 17. Bxc6 Ba6 18. Bb5 Bxb5 19. cxb5 Rfc8 20. a3 Rc4
21. Nc3 Bxc3+ 22. bxc3 Rxc3 23. a4 Rc2 24. O-O Ra8 25. g3 Rc4 26. Rfe1 Kf8 27.
Rad1 Ke8 28. Rd6 Rb8 29. a5 bxa5 30. Ra6 Rxb5 31. Ra8+ Kd7 32. Ra7+ Rc7 33.
Rxe7+ Kxe7 34. Rxc7+ Kd6 35. Rxf7 Kc5 36. Rxh7 a4 37. Ra7 Kb4 38. h4 a3 39. g4
Ra5 40. Rb7+ Kc3 41. Rc7+ Kd2 42. Rd7+ Ke2 43. Re7+ Kf3 44. Re1 a2 45. Ra1 Kxg4
46. Kg2 Ra3 47. h5 gxh5 0-1

[Event "Maringa op 4th"]
[Site "Maringa"]
[Date "2014.08.20"]
[Round "1"]
[White "Zampier, Alexandre"]
[Black "Cubas, Jose Fernando"]
[Result "0-1"]
[WhiteElo "1594"]
[BlackElo "2455"]
[PlyCount "52"]
[EventDate "2014.08.20"]
[EventType "swiss"]
[EventRounds "9"]
[EventCountry "BRA"]
[SourceTitle "EXT 2015"]
[Source "ChessBase"]
[SourceDate "2014.11.20"]
[SourceVersion "1"]
[SourceVersionDate "2014.11.20"]
[SourceQuality "1"]

1. b4 e5 2. Bb2 d6 3. e4 Nc6 4. Nc3 Nf6 5. b5 Nd4 6. Nf3 Bg4 7. Be2 Nxe2 8.
Qxe2 Be7 9. O-O O-O 10. Qe3 Re8 11. Ne2 Bf8 12. Ng3 a6 13. a4 Qd7 14. c4 c6 15.
d4 Bxf3 16. Qxf3 axb5 17. axb5 Rxa1 18. Bxa1 cxb5 19. dxe5 dxe5 20. Re1 Qc6 21.
cxb5 Qxb5 22. Nf5 Ra8 23. Nh6+ gxh6 24. Qxf6 Qa5 25. Rf1 Qxa1 26. f4 Bc5+ 0-1

[Event "Maringa op 4th"]
[Site "Maringa"]
[Date "2014.08.20"]
[Round "2"]
[White "Cubas, Jose Fernando"]
[Black "Stivanelli, Leonardo Alexandre"]
[Result "1-0"]
[WhiteElo "2455"]
[BlackElo "1970"]
[PlyCount "47"]
[EventDate "2014.08.20"]
[EventType "swiss"]
[EventRounds "9"]
[EventCountry "BRA"]
[SourceTitle "EXT 2015"]
[Source "ChessBase"]
[SourceDate "2014.11.20"]
[SourceVersion "1"]
[SourceVersionDate "2014.11.20"]
[SourceQuality "1"]

1. d4 d5 2. c4 e6 3. Nc3 Nf6 4. cxd5 exd5 5. Bg5 Be7 6. e3 c6 7. Bd3 O-O 8. Qc2
Nbd7 9. Nge2 Re8 10. O-O Nf8 11. f3 h6 12. Bf4 Bd6 13. Bxd6 Qxd6 14. e4 dxe4
15. fxe4 Qd8 16. e5 Nd5 17. Nxd5 cxd5 18. Nc3 a6 19. Rf3 Ne6 20. Qf2 Re7 21.
Rf1 Ng5 22. Rg3 Be6 23. Qf4 Kh8 24. Qh4 1-0

[Event "Maringa op 4th"]
[Site "Maringa"]
[Date "2014.08.21"]
[Round "3"]
[White "Borges, Victor Hugo Moreira"]
[Black "Cubas, Jose Fernando"]
[Result "0-1"]
[WhiteElo "2105"]
[BlackElo "2455"]
[PlyCount "94"]
[EventDate "2014.08.20"]
[EventType "swiss"]
[EventRounds "9"]
[EventCountry "BRA"]
[SourceTitle "EXT 2015"]
[Source "ChessBase"]
[SourceDate "2014.11.20"]
[SourceVersion "1"]
[SourceVersionDate "2014.11.20"]
[SourceQuality "1"]

1. e4 c5 2. Nf3 e6 3. Nc3 a6 4. d4 cxd4 5. Nxd4 b5 6. Bd3 Qb6 7. Nf3 Nc6 8. O-O
Nge7 9. Bf4 Ng6 10. Bg3 d6 11. a4 b4 12. Nb1 Be7 13. Nbd2 O-O 14. Re1 Bb7 15.
Nc4 Qc5 16. e5 dxe5 17. Nfxe5 Ncxe5 18. Nxe5 Rfd8 19. Qe2 Bf6 20. Rad1 Nxe5 21.
Bxe5 Bxe5 22. Qxe5 Rd5 23. Qe3 Qd6 24. Rd2 Rd8 25. b3 g6 26. Rde2 a5 27. Qg3
Qxg3 28. hxg3 R5d6 29. Bc4 Kg7 30. f3 Bd5 31. Bb5 f6 32. Kf2 h5 33. Rd1 Rc8 34.
Red2 Rb6 35. Re1 Bb7 36. Re3 Rc5 37. Ke2 Bd5 38. Kd1 Rb8 39. Kc1 Rh8 40. Kb2
Rhc8 41. Rde2 Rc3 42. Bd3 R8c5 43. Be4 Rxe3 44. Rxe3 Bxe4 45. Rxe4 g5 46. c4
bxc3+ 47. Kc2 Kf7 0-1

[Event "Maringa op 4th"]
[Site "Maringa"]
[Date "2014.08.21"]
[Round "4"]
[White "Cubas, Jose Fernando"]
[Black "Utiyama, Marcel Heimar Ribei"]
[Result "1-0"]
[WhiteElo "2455"]
[BlackElo "2205"]
[PlyCount "42"]
[EventDate "2014.08.20"]
[EventType "swiss"]
[EventRounds "9"]
[EventCountry "BRA"]
[SourceTitle "EXT 2015"]
[Source "ChessBase"]
[SourceDate "2014.11.20"]
[SourceVersion "1"]
[SourceVersionDate "2014.11.20"]
[SourceQuality "1"]

1. d4 Nf6 2. Nf3 g6 3. Bf4 Bg7 4. e3 O-O 5. Be2 d5 6. Nc3 c6 7. Ne5 Nbd7 8. h4
Qa5 9. Qd2 e6 10. h5 Nxe5 11. Bxe5 Bd7 12. g4 Rfc8 13. hxg6 hxg6 14. g5 Ne8 15.
e4 Bxe5 16. dxe5 d4 17. Qxd4 Rd8 18. O-O-O c5 19. Qe3 c4 20. Qf4 Bc6 21. Rdg1
Rd4 1-0

[Event "Maringa op 4th"]
[Site "Maringa"]
[Date "2014.08.22"]
[Round "5"]
[White "Supi, Luis Paulo"]
[Black "Cubas, Jose Fernando"]
[Result "1/2-1/2"]
[WhiteElo "2355"]
[BlackElo "2455"]
[PlyCount "36"]
[EventDate "2014.08.20"]
[EventType "swiss"]
[EventRounds "9"]
[EventCountry "BRA"]
[SourceTitle "EXT 2015"]
[Source "ChessBase"]
[SourceDate "2014.11.20"]
[SourceVersion "1"]
[SourceVersionDate "2014.11.20"]
[SourceQuality "1"]

1. e4 e6 2. d4 d5 3. Nc3 Nf6 4. Bg5 dxe4 5. Nxe4 Be7 6. Bxf6 gxf6 7. Qd3 f5 8.
Nc3 Nc6 9. O-O-O Nb4 10. Qf3 c6 11. g4 Qa5 12. Kb1 fxg4 13. Qxg4 Bd7 14. Qg7
O-O-O 15. Qxf7 Nd5 16. Nxd5 Qxd5 17. Nf3 Bd6 18. c4 Qxc4 1/2-1/2

[Event "Maringa op 4th"]
[Site "Maringa"]
[Date "2014.08.22"]
[Round "6"]
[White "Cubas, Jose Fernando"]
[Black "Perdomo, Leandro Daniel"]
[Result "1/2-1/2"]
[WhiteElo "2455"]
[BlackElo "2410"]
[PlyCount "89"]
[EventDate "2014.08.20"]
[EventType "swiss"]
[EventRounds "9"]
[EventCountry "BRA"]
[SourceTitle "EXT 2015"]
[Source "ChessBase"]
[SourceDate "2014.11.20"]
[SourceVersion "1"]
[SourceVersionDate "2014.11.20"]
[SourceQuality "1"]

1. e4 e5 2. Nf3 Nc6 3. Bb5 a6 4. Ba4 Nf6 5. d3 b5 6. Bb3 Be7 7. O-O d6 8. c3
O-O 9. Re1 Na5 10. Bc2 c5 11. Nbd2 Nc6 12. Nf1 Nd7 13. Ne3 Nb6 14. a4 Be6 15.
a5 Nd7 16. d4 cxd4 17. cxd4 Nxd4 18. Nxd4 exd4 19. Qxd4 Qc7 20. Qd1 Rac8 21.
Bb3 Bf6 22. Nd5 Bxd5 23. Bxd5 Nc5 24. Bf4 Be5 25. Bxe5 dxe5 26. Qd2 Ne6 27.
Bxe6 fxe6 28. Rac1 Qd8 29. Qxd8 Rfxd8 30. f3 Kf7 31. Kf1 Rxc1 32. Rxc1 Rd2 33.
b4 Rb2 34. Rc6 Rxb4 35. Ke2 Rb2+ 36. Kd3 Rxg2 37. Rxa6 Rxh2 38. Rb6 Rf2 39.
Rxb5 Rxf3+ 40. Kc2 Ra3 41. Kb2 Ra4 42. Kb3 Ra1 43. Kb2 Ra4 44. Kb3 Ra1 45. Kb2
1/2-1/2

[Event "Maringa op 4th"]
[Site "Maringa"]
[Date "2014.08.23"]
[Round "7"]
[White "Cubas, Jose Fernando"]
[Black "Sztokbant, Bernardo Vainzoff"]
[Result "1-0"]
[WhiteElo "2455"]
[BlackElo "2250"]
[PlyCount "93"]
[EventDate "2014.08.20"]
[EventType "swiss"]
[EventRounds "9"]
[EventCountry "BRA"]
[SourceTitle "EXT 2015"]
[Source "ChessBase"]
[SourceDate "2014.11.20"]
[SourceVersion "1"]
[SourceVersionDate "2014.11.20"]
[SourceQuality "1"]

1. e4 e5 2. Nf3 Nc6 3. Bb5 a6 4. Ba4 Nf6 5. d3 b5 6. Bb3 Be7 7. O-O O-O 8. Re1
d6 9. c3 Na5 10. Bc2 c5 11. Nbd2 Nc6 12. Nf1 Re8 13. h3 h6 14. N3h2 Be6 15. Ne3
d5 16. exd5 Nxd5 17. Nxd5 Bxd5 18. Qh5 Bg5 19. Nf3 Bxc1 20. Raxc1 Qf6 21. Re3
Re7 22. Rce1 Rae8 23. a3 a5 24. Nd2 Qg5 25. Qxg5 hxg5 26. c4 Nd4 27. Bd1 bxc4
28. Ba4 Bc6 29. Bxc6 Nxc6 30. Nxc4 f6 31. Rc1 Rb8 32. Nd6 Rxb2 33. Nf5 Reb7 34.
Rxc5 Nd4 35. Nxd4 exd4 36. Rg3 Ra7 37. Rc4 Rb3 38. Ra4 Kf7 39. Rg4 Rxd3 40.
Rgxd4 Rxd4 41. Rxd4 Ke6 42. Kf1 Ke5 43. Ra4 Kd5 44. Ke2 Kc5 45. f4 Kb5 46. Rd4
gxf4 47. Rxf4 1-0

[Event "Maringa op 4th"]
[Site "Maringa"]
[Date "2014.08.23"]
[Round "8"]
[White "Matsuura, Everaldo"]
[Black "Cubas, Jose Fernando"]
[Result "1-0"]
[WhiteElo "2470"]
[BlackElo "2455"]
[PlyCount "55"]
[EventDate "2014.08.20"]
[EventType "swiss"]
[EventRounds "9"]
[EventCountry "BRA"]
[SourceTitle "EXT 2015"]
[Source "ChessBase"]
[SourceDate "2014.11.20"]
[SourceVersion "1"]
[SourceVersionDate "2014.11.20"]
[SourceQuality "1"]

1. c4 e5 2. g3 Nc6 3. Bg2 g6 4. Nc3 Bg7 5. d3 d6 6. Rb1 a5 7. a3 f5 8. e3 Nf6
9. Nge2 O-O 10. O-O Be6 11. Nd5 e4 12. Nef4 Bf7 13. Nxf6+ Bxf6 14. dxe4 fxe4
15. Bxe4 Ne5 16. b3 a4 17. Bd5 Qd7 18. Bb2 axb3 19. Bxe5 dxe5 20. Bxf7+ Qxf7
21. Nd5 Rxa3 22. Rxb3 Rxb3 23. Qxb3 c6 24. Nxf6+ Qxf6 25. Qxb7 e4 26. Qc7 Rf7
27. Qb6 h5 28. h4 1-0

[Event "Maringa op 4th"]
[Site "Maringa"]
[Date "2014.08.24"]
[Round "9"]
[White "Cubas, Jose Fernando"]
[Black "Carneiro, Vitor Roberto Castr"]
[Result "1-0"]
[WhiteElo "2455"]
[BlackElo "2245"]
[PlyCount "49"]
[EventDate "2014.08.20"]
[EventType "swiss"]
[EventRounds "9"]
[EventCountry "BRA"]
[SourceTitle "EXT 2015"]
[Source "ChessBase"]
[SourceDate "2014.11.20"]
[SourceVersion "1"]
[SourceVersionDate "2014.11.20"]
[SourceQuality "1"]

1. e4 g6 2. d4 Bg7 3. Nc3 c6 4. f4 d5 5. e5 Nh6 6. Be2 f6 7. Be3 Be6 8. Qd2 Nd7
9. Nf3 Rc8 10. h3 Nf5 11. Bf2 h5 12. O-O-O Nb6 13. Rhg1 Bf8 14. g4 Ng7 15. Nh4
hxg4 16. hxg4 g5 17. Ng6 Rh2 18. Qe3 Bf7 19. Nxf8 Kxf8 20. Rh1 Rxh1 21. Rxh1
Ne6 22. Rh8+ Bg8 23. Qh3 Qe8 24. f5 Ng7 25. e6 1-0

[Event "Rio de Janeiro Cunha Memorial"]
[Site "Rio de Janeiro"]
[Date "2014.09.08"]
[Round "1"]
[White "Cunha, Eduardo Arruda da G"]
[Black "Cubas, Jose Fernando"]
[Result "0-1"]
[WhiteElo "2360"]
[BlackElo "2456"]
[PlyCount "62"]
[EventDate "2014.09.08"]
[EventType "tourn"]
[EventRounds "9"]
[EventCountry "BRA"]
[EventCategory "4"]
[SourceTitle "EXT 2015"]
[Source "ChessBase"]
[SourceDate "2014.11.20"]
[SourceVersion "1"]
[SourceVersionDate "2014.11.20"]
[SourceQuality "1"]

1. e4 c5 2. Nf3 Nc6 3. d4 cxd4 4. Nxd4 e5 5. Nb5 d6 6. N1c3 a6 7. Na3 Be7 8.
Nd5 Nf6 9. Be3 Nxd5 10. exd5 Nd4 11. Bxd4 exd4 12. Qxd4 O-O 13. O-O-O Bf6 14.
Qb4 b5 15. g4 a5 16. Qe4 Re8 17. Qg2 b4 18. Nb5 a4 19. f4 b3 20. cxb3 axb3 21.
a3 Qb6 22. Qg1 Qa5 23. Bd3 Bd7 24. g5 Bxb2+ 25. Kxb2 Bxb5 26. Bxb5 Qxa3+ 27.
Kc3 b2+ 28. Kc2 b1=Q+ 29. Rxb1 Rac8+ 30. Kd1 Qf3+ 31. Kd2 Qc3+ 0-1

[Event "Rio de Janeiro Cunha Memorial"]
[Site "Rio de Janeiro"]
[Date "2014.09.08"]
[Round "2"]
[White "Rezende, Guilherme Vilela"]
[Black "Cubas, Jose Fernando"]
[Result "1/2-1/2"]
[WhiteElo "2101"]
[BlackElo "2456"]
[PlyCount "73"]
[EventDate "2014.09.08"]
[EventType "tourn"]
[EventRounds "9"]
[EventCountry "BRA"]
[EventCategory "4"]
[SourceTitle "EXT 2015"]
[Source "ChessBase"]
[SourceDate "2014.11.20"]
[SourceVersion "1"]
[SourceVersionDate "2014.11.20"]
[SourceQuality "1"]

1. d4 Nf6 2. c4 e6 3. Nf3 c5 4. d5 exd5 5. cxd5 g6 6. Nc3 d6 7. h3 Bg7 8. Bf4
O-O 9. e3 Na6 10. Be2 Nc7 11. O-O Re8 12. Qb3 Ne4 13. Rfd1 b5 14. a4 c4 15. Qa3
Bxc3 16. bxc3 Bb7 17. axb5 Nxb5 18. Qb4 Nbxc3 19. Bxc4 Rb8 20. Qa3 Nxd1 21.
Rxd1 g5 22. Bh2 Qf6 23. Qxa7 Nc3 24. Qa1 Ra8 25. Qb2 Ba6 26. Bxa6 Rxa6 27. Rd4
Rc8 28. Bg3 Ra2 29. Qb7 Ne2+ 30. Kh2 Rc7 31. Qb8+ Kg7 32. Bxd6 Rc1 33. Qb4 Nxd4
34. exd4 Qf5 35. Be5+ Kg8 36. Qe7 f6 37. Qe8+ 1/2-1/2

[Event "Rio de Janeiro Cunha Memorial"]
[Site "Rio de Janeiro"]
[Date "2014.09.09"]
[Round "3"]
[White "Cubas, Jose Fernando"]
[Black "Limp, Eduardo Thelio"]
[Result "1-0"]
[WhiteElo "2456"]
[BlackElo "2369"]
[PlyCount "63"]
[EventDate "2014.09.08"]
[EventType "tourn"]
[EventRounds "9"]
[EventCountry "BRA"]
[EventCategory "4"]
[SourceTitle "EXT 2015"]
[Source "ChessBase"]
[SourceDate "2014.11.20"]
[SourceVersion "1"]
[SourceVersionDate "2014.11.20"]
[SourceQuality "1"]

1. e4 c5 2. Nc3 e6 3. Nf3 Nc6 4. d4 cxd4 5. Nxd4 Nf6 6. Ndb5 Bb4 7. a3 Bxc3+ 8.
Nxc3 d5 9. Bd3 dxe4 10. Nxe4 Nxe4 11. Bxe4 Qxd1+ 12. Kxd1 Bd7 13. Be3 O-O-O 14.
Kc1 f5 15. Bd3 e5 16. f3 Be6 17. b4 b6 18. Kb2 Kb7 19. Rhe1 e4 20. fxe4 Ne5 21.
Bf1 fxe4 22. Bf4 Ng6 23. Rxe4 Bd5 24. Rd4 Nxf4 25. Rxf4 Rhf8 26. Rxf8 Rxf8 27.
Rd1 Kc6 28. a4 Kc7 29. g3 Bc6 30. Bb5 Bxb5 31. axb5 Rf7 32. Rc1 1-0